Vyasa and vighneshwara / (Record no. 163237)

MARC details
000 -LEADER
fixed length control field 00432nam a22001817a 4500
005 - DATE AND TIME OF LATEST TRANSACTION
control field 20200122164348.0
010 ## - LCCN (DPL NO)
LC control number EN-44679 EN-111047
020 ## - INTERNATIONAL STANDARD BOOK NUMBER
International Standard Book Number 8187649070
Terms of availability 200.00
035 ## - SYSTEM CONTROL NUMBER
System control number ENG-127515
037 ## - SOURCE OF ACQUISITION
Source of stock number/acquisition Katha
082 ## - DEWEY DECIMAL CLASSIFICATION NUMBER
Classification number N
100 ## - MAIN ENTRY--PERSONAL NAME
Personal name Anand
245 ## - TITLE STATEMENT
Title Vyasa and vighneshwara /
Statement of responsibility, etc Anand
260 ## - PUBLICATION, DISTRIBUTION, ETC. (IMPRINT)
Place of publication, distribution, etc New Delhi
Name of publisher, distributor, etc Katha
Date of publication, distribution, etc 2000
300 ## - PHYSICAL DESCRIPTION
Extent 157p.
Dimensions 21cm(pbk)
700 ## - ADDED ENTRY--PERSONAL NAME
Personal name Mathew, Saji
942 ## - ADDED ENTRY ELEMENTS (KOHA)
Source of classification or shelving scheme Dewey Decimal Classification
Item type English Books
Classification part N
Call number suffix ANA
Holdings
Withdrawn status Lost status Not for loan Collection code Home library Current library Date acquired Full call number Barcode Koha item type Source of acquisition Cost, normal purchase price Copy number Cost, replacement price
      Fiction Central Library Central Library 22/01/2020 N ANA EN-111047 English Books DBAD/PUB 200.00 1 200.00
      Fiction D.B.Act.Division Mobile Library 12/12/2022 N ANA EN-119365 English Books DBAD/PUB 200.00 1 200.00
      Fiction Sarojini Nagar Sarojini Nagar 05/04/2019 N ANA EN-44679 English Books        

© Delhi Public Library
Hit Counter
free hit counter